Information technology in library science / (Record no. 102358)

MARC details
000 -LEADER
fixed length control field 01070nam a22002537a 4500
005 - DATE AND TIME OF LATEST TRANSACTION
control field 20170512105740.0
010 ## - LCCN (DPL NO)
LC control number 1617EN ENG-117571
020 ## - INTERNATIONAL STANDARD BOOK NUMBER
International Standard Book Number 9788185708546
Terms of availability 1350.00
035 ## - SYSTEM CONTROL NUMBER
System control number EN-101103
035 ## - SYSTEM CONTROL NUMBER
System control number B-647531-537
035 ## - SYSTEM CONTROL NUMBER
System control number B-666087
037 ## - SOURCE OF ACQUISITION
Stock number dpl
Source of stock number/acquisition Variety
037 ## - SOURCE OF ACQUISITION
Source of stock number/acquisition DBAD/PUB
082 ## - DEWEY DECIMAL CLASSIFICATION NUMBER
Classification number 025.04
100 ## - MAIN ENTRY--PERSONAL NAME
Personal name Sudha Rani
245 ## - TITLE STATEMENT
Title Information technology in library science /
Statement of responsibility, etc by Sudha Rani
260 ## - PUBLICATION, DISTRIBUTION, ETC. (IMPRINT)
Place of publication, distribution, etc New Delhi
Name of publisher, distributor, etc SBW Pub.
Date of publication, distribution, etc 2015
270 ## - ADDRESS
Address 4831/24, Prahlad Gali, Ansari Road, Darya Ganj,
City New Delhi
Postal code 110002
300 ## - PHYSICAL DESCRIPTION
Extent viii,336p.
Dimensions 25cm(Hb)
500 ## - GENERAL NOTE
General note Includes bibliographical references and index
942 ## - ADDED ENTRY ELEMENTS (KOHA)
Source of classification or shelving scheme Dewey Decimal Classification
Item type English Books
Call number suffix SUD
Classification part 025.04
Holdings
Withdrawn status Lost status Not for loan Collection code Home library Current library Date acquired Source of acquisition Cost, normal purchase price Full call number Barcode Copy number Cost, replacement price Koha item type
      Non-fiction Ashok Vihar Ashok Vihar 12/05/2017 BPPD/EN/2016-17/AV/16-17/474/15.2.2017/1428/7.3.2017/ 10.3.2017 1350.00 025.04 SUD B-666087 1 1350.00 English Books
    Not For Loan Non-fiction D.B.Act.Division Bawana 22/03/2017 DBAD/PUB 1350.00 025.04 SUD EN-101103 1 1350.00 English Books
      Non-fiction Central Library Central Library 27/03/2017 BPPD/EN/2016-17/308/24.11.2016/IN1369/5.12.2016/2.1.2017 1350.00 025.04 SUD B-647531 1 1350.00 English Books
      Non-fiction Karol Bagh Karol Bagh 27/03/2017 BPPD/EN/2016-17/308/24.11.2016/IN1369/5.12.2016/2.1.2017 1350.00 025.04 SUD B-647536 1 1350.00 English Books
      Non-fiction New Police Line New Police Line 27/03/2017 BPPD/EN/2016-17/308/24.11.2016/IN1369/5.12.2016/2.1.2017 1350.00 025.04 SUD B-647532 1 1350.00 English Books
      Non-fiction Patel Nagar Patel Nagar 27/03/2017 BPPD/EN/2016-17/308/24.11.2016/IN1369/5.12.2016/2.1.2017 1350.00 025.04 SUD B-647533 1 1350.00 English Books
      Non-fiction Sarojini Nagar Sarojini Nagar 27/03/2017 BPPD/EN/2016-17/308/24.11.2016/IN1369/5.12.2016/2.1.2017 1350.00 025.04 SUD B-647534 1 1350.00 English Books
      Non-fiction Sarojini Nagar Sarojini Nagar 27/03/2017 BPPD/EN/2016-17/308/24.11.2016/IN1369/5.12.2016/2.1.2017 1350.00 025.04 SUD B-647535 1 1350.00 English Books
      Non-fiction Shahdara Branch Shahdara Branch 27/03/2017 BPPD/EN/2016-17/308/24.11.2016/IN1369/5.12.2016/2.1.2017 1350.00 025.04 SUD B-647537 1 1350.00 English Books

© Delhi Public Library
Hit Counter
free hit counter